| 000 | 00841nam a2200253 a 4500 | ||
|---|---|---|---|
| 001 | BRCA_6562 | ||
| 005 | 20190320205514.0 | ||
| 008 | 300911s1933----nyua######---#000-0#eng-# | ||
| 041 | _aeng | ||
| 044 | _au | ||
| 050 | 4 |
_aND1130 _b.A53 1933 |
|
| 100 | 1 |
_aAndrea Cennini, Cennino d´ _916370 |
|
| 245 | 1 | 0 |
_aThe Craftsman´s Handbook _cCennino D´Andrea Cennini ; translated by Daniel V. Thompson, Jr. |
| 260 |
_aE. U. A. _bDover Publications _cc1933 |
||
| 300 |
_axxvii, 142 p. _bil. _c21 cm. |
||
| 500 | _aIncluye índice alfabético | ||
| 500 | _aTraducción de : Il Libro dell´ Arte | ||
| 500 | _aDonación Dra. Elsa Barberena | ||
| 650 | 1 | 4 |
_aPintura _xObras anteriores a 1800 _916371 |
| 650 | 1 | 4 |
_aPintura _xTécnica _91564 |
| 700 | 1 |
_aThompson, Daniel V. _qDaniel Varney _f1902-1980 _etr. _916372 |
|
| 902 | _aDEB | ||
| 942 |
_2lcc _cB |
||
| 999 |
_c6246 _d6246 |
||